| 000 | 00559nam a2200157 a 4500 | ||
|---|---|---|---|
| 008 | 150618s2013 ||||||||||||||||| || u | ||
| 020 | _a9781783060412 | ||
| 050 | _aDT 450.2 Bam | ||
| 100 | _aBamurangirwa, Patricia | ||
| 245 | 1 | 0 |
_aRwanda yesterday _cby Patrcia Bamurangirwa |
| 260 |
_aLeicestershire _bMatador _c2013 |
||
| 300 | _aix, 175p. | ||
| 350 | _a2.65 | ||
| 650 | _aRWANDA -- HISTORY | ||
| 995 |
_FCBU-MAIN LIBRARY (Kitwe) _I2.65 _M1 _UAVAILABLE _WAug 25, 2015 _ZMain Library Open Access Collection |
||
| 999 |
_c56877 _d56877 |
||